Statistics for The Most Polluted Europe

Click here to take the quiz!

General Stats

  • This quiz has been taken 69 times
  • The average score is 12 of 15

Answer Stats

HintAnswer% Correct
6.Poland
94%
4.Bulgaria
88%
5.Serbia
88%
9.Romania
86%
10.Slovakia
86%
15.Ukraine
86%
1.Bosnia and Herzegovina
83%
8.Czechia
83%
7.Croatia
80%
12.Hungary
78%
3.Kosovo
77%
14.Italy
74%
2.North Macedonia
72%
13.Austria
66%
11.Lithuania
63%

Score Distribution

Percentile by Number Answered

Percent of People with Each Score

Your Score History

You have not taken this quiz